JToH Ring 2 - Statistics

General Stats
  • This quiz has been taken 14 times
  • The average score is 11 of 12
Answer Stats
Acronym Tower Difficulty % Correct
ToBH Tower of Big Hole Hard
100%
ToOH Tower of Overcoming Hatred Hard
100%
CoWS Citadel of Wacky Strategy Remorseless
92%
ToCH Tower of Cold Hands Difficult
92%
ToDC Tower of Difficulty Chart Insane
92%
ToPS Tower of Phone Snapping Medium
92%
ToDD Tower of Deep Darkness Challenging
83%
ToES Tower of Eternal Suffering Remorseless
83%
ToFaF Tower of Falling and Failing Challenging
83%
ToSD Tower of Shattered Dreams Challenging
83%
ToTF Tower of Table Flipping Intense
83%
ToT Tower of Traps Challenging
83%
No matching quizzes found
Score Distribution
Percent of People with Each Score
Percentile by Number Answered
Your Score History
You have not taken this quiz